Ochrana zamestnancov pred psychosociálnymi rizikami na pracovisku
Identifikácia a vymedzenie najčastejších psychosociálnych rizík na pracovisku. Nevyhnutnosť prevenčných opatrení, i z hľadiska Európskej únie. Možnosti ochrany zamestnancov pred psychosociálnymi rizikami na pracovisku.
Uložené v:
| Hlavný autor: | |
|---|---|
| Médium: | Kapitola |
| Jazyk: | Slovak |
| Predmet: | |
| Tagy: |
Žiadne tagy, Buďte prvý, kto otaguje tento záznam!
|
MARC
| LEADER | 00000naa a2200000 4500 | ||
|---|---|---|---|
| 001 | 0267701 | ||
| 005 | 20200819140123.2 | ||
| 041 | 0 | |a slo | |
| 044 | |a SK | ||
| 245 | 1 | 0 | |a Ochrana zamestnancov pred psychosociálnymi rizikami na pracovisku |c Katarína Skolodová |
| 520 | |a Identifikácia a vymedzenie najčastejších psychosociálnych rizík na pracovisku. Nevyhnutnosť prevenčných opatrení, i z hľadiska Európskej únie. Možnosti ochrany zamestnancov pred psychosociálnymi rizikami na pracovisku. | ||
| 610 | 2 | 0 | |a právo pracovné |
| 610 | 2 | 0 | |a riziko |
| 610 | 2 | 0 | |a zdravie duševné |
| 610 | 2 | 0 | |a prostredie pracovné |
| 610 | 2 | 0 | |a Slovensko |
| 100 | 1 | |a Skolodová, Katarína | |